The feminine mystique /

Gespeichert in:
Bibliographische Detailangaben
1. Verfasser: Friedan, Betty, (1921-2006) (Verfasst von)
Format: Buch
Sprache:Englisch
Veröffentlicht: New York : Dell, 1964
Schriftenreihe:A Dell book
Schlagworte:
Tags: Tag hinzufügen
Keine Tags, Fügen Sie das erste Tag hinzu!

MARC

LEADER 00000nam a22000007i 4500
001 IT\ICCU\CFI\0514130
003 ItRI
005 20260115232236.0
008 010710s1964 xxu|||||| ||||| |||||c
040 |b ita  |c importazione bologna sebina 
041 7 |a eng  |2 ISO-639-2 
082 |a 305.42  |9 DONNE. FUNZIONE E STATUS SOCIALE.  |2 21 
100 1 |a Friedan, Betty,  |d  (1921-2006)  |0 IT\ICCU\RAVV\057808  |4 aut 
245 1 4 |a The feminine mystique /  |c Betty Friedan. 
260 |a New York :  |b Dell,  |c 1964 
300 |a 384 p. ;  |c 18 cm. 
650 7 |a Femminismo 
830 2 |a A Dell book  |0 IT\ICCU\RML\0068403 
942 |2 ddc  |c BK  |n 0 
952 |0 0  |1 0  |4 0  |6 DOC_305_420000000000000_FRI  |7 0  |9 22720  |a BO  |b BO  |d 2026-01-15  |i 1133  |l 0  |o DOC 305.420 FRI  |p BO1133  |r 2026-01-15 23:22:36  |w 2026-01-15  |x [Sebina 7] [1 v.]  |y BK  |z 1 v. 
999 |c 19398  |d 19398